Архієреї і місто Лева: єпархіальні осередки та їхні керівники (Запис № 579668)

МАРК-запис
000 -Лідер
fixed length control field 00861 a2200217 4500
003 - Ідентифікатор контрольного номера
control field UA-OsUOA
005 - Дата та час останнього входження (трансакції)
control field 20260210100754.0
008 - Елементи даних фіксованої довжини – загальна інформація
fixed length control field 260210b un ||||| |||| 00| 0 ukr d
020 ## - Міжнародний стандартний книжковий номер (ISBN)
Міжнародний стандартний книжковий номер (ISBN) (НП) 9786179537264
040 ## - Джерело каталогізації
Мова каталогізації ukr
Агенція, яка здійснювала перезапис UA-OsUOA
080 ## - Індекс Універсальної десяткової класифікації
Індекс Універсальної десяткової класифікації (УДК) (НП) 271.2:726.1(477.83-25)(091)
090 ## - Локальний шифр розміщення
Класифікаційний індекс УДК 271.2:726.1(477.83-25)(091)
Авторський знак (НП) Ц29
100 ## - Основне введення – ім’я особи
Ім’я особи (НП) Цебенко А.
9 (RLIN) 23163
245 ## - Відомості про назву
Назва (НП) Архієреї і місто Лева: єпархіальні осередки та їхні керівники
Дані про відповідальність (НП) Андрій Цебенко
260 ## - Публікація, розповсюдження і т.п. (Вихідні дані)
Місце публікації, розповсюдження і т.п. (П) Львів
Ім’я/ наймення видавництва, розповсюджувача і т.п. (П) Град Лева
Дата публікації, розповсюдження і т.п. (П) 2025
300 ## - Фізичний опис
Обсяг 240 с.
650 ## - Додаткове предметне введення – тематичний термін
Тематичний термін чи географічна назва, як елемент введення (НП) 271 Християнські церкви і деномінації
9 (RLIN) 23164
942 ## - Додаткові елементи входу (Коха)
Тип елемента Koha Книги
Source of classification or shelving scheme Universal Decimal Classification
955 ## - Код типу видання за змістом
Код типу видання за змістом (НП) Наукові видання
Фонди
Стан вилучень Стан втрат Джерело класифікації або схеми стелажів Стан уражень Не для кредиту Постійне місце розташування Поточне розміщення Дата придбання Джерело придбання Вартість, звичайна ціна покупки Усього замовленно Повний номер виклику Штрих-код Дата останнього перегляду Вартість, ціна заміни Ціна ефективна від Тип елемента Koha Примітка, призначена для загального доступу
    Universal Decimal Classification     ЧЗ - Читальна зала ЧЗ - Читальна зала 10/02/2026 №04/05.02.2026 250.00   271.2:726.1(477.83-25)(091) Ц29 169322 10/02/2026 250.00 10/02/2026 Книги подарував Смирнов А.